The Edge Malaysia

Bibliographic Details
Format: Book
Published: Petaling Jaya : The Edge Communications Sdn. Bhd. , 2001
Subjects:

MARC

LEADER 00000cam a2200000 7i4500
001 0000020048
005 20250617.0
022 |a 1675-1205 
040 |a INS 
090 0 0 |a HF5001   |b E34 
245 0 4 |a The Edge Malaysia 
260 |a Petaling Jaya :   |b The Edge Communications Sdn. Bhd. ,   |c 2001 
300 |a 1 v.(Various pagings) :   |b col.,ill. ;   |c 39cm. 
650 0 0 |a Business enterprises   |z Malaysia   |v Periodicals 
650 0 0 |a Investments   |z Malaysia   |v Periodicals 
999 |a SER0000261   |b BOOK   |c Open Shelf   |e Default branch 
999 |a SER0000262   |b BOOK   |c Open Shelf   |e Default branch 
999 |a SER0000263   |b BOOK   |c Open Shelf   |e Default branch 
999 |a SER0000264   |b BOOK   |c Open Shelf   |e Default branch 
999 |a SER0000265   |b BOOK   |c Open Shelf   |e Default branch 
999 |a SER0000266   |b BOOK   |c Open Shelf   |e Default branch 
999 |a SER0000267   |b BOOK   |c Open Shelf   |e Default branch 
999 |a SER0000268   |b BOOK   |c Open Shelf   |e Default branch 
999 |a SER0000269   |b BOOK   |c Open Shelf   |e Default branch 
999 |a SER0000270   |b BOOK   |c Open Shelf   |e Default branch 
999 |a SER0000271   |b BOOK   |c Open Shelf   |e Default branch 
999 |a SER0000272   |b BOOK   |c Open Shelf   |e Default branch 
999 |a SER0001314   |b BOOK   |c Open Shelf   |e Default branch 
999 |a SER0001315   |b BOOK   |c Open Shelf   |e Default branch 
999 |a SER0001316   |b BOOK   |c Open Shelf   |e Default branch 
999 |a SER0001317   |b BOOK   |c Open Shelf   |e Default branch 
999 |a SER0001318   |b BOOK   |c Open Shelf   |e Default branch 
999 |a SER0001319   |b BOOK   |c Open Shelf   |e Default branch 
999 |a SER0001320   |b BOOK   |c Open Shelf   |e Default branch 
999 |a SER0001321   |b BOOK   |c Open Shelf   |e Default branch 
999 |a SER0001322   |b BOOK   |c Open Shelf   |e Default branch 
999 |a SER0001323   |b BOOK   |c Open Shelf   |e Default branch 
999 |a SER0001324   |b BOOK   |c Open Shelf   |e Default branch 
999 |a SER0001325   |b BOOK   |c Open Shelf   |e Default branch 
999 |a SER0001326   |b BOOK   |c Open Shelf   |e Default branch 
999 |a SER0001328   |b BOOK   |c Open Shelf   |e Default branch 
999 |a SER0001389   |b BOOK   |c Open Shelf   |e Default branch 
999 |a SER0001390   |b BOOK   |c Open Shelf   |e Default branch 
999 |a SER0001391   |b BOOK   |c Open Shelf   |e Default branch 
999 |a SER0001392   |b BOOK   |c Open Shelf   |e Default branch 
999 |a SER0001393   |b BOOK   |c Open Shelf   |e Default branch 
999 |a SER0001394   |b BOOK   |c Open Shelf   |e Default branch 
999 |a SER0001527   |b BOOK   |c Open Shelf   |e Default branch 
999 |a SER0001528   |b BOOK   |c Open Shelf   |e Default branch 
999 |a SER0001529   |b BOOK   |c Open Shelf   |e Default branch 
999 |a SER0001530   |b BOOK   |c Open Shelf   |e Default branch 
999 |a SER0001531   |b BOOK   |c Open Shelf   |e Default branch 
999 |a SER0001532   |b BOOK   |c Open Shelf   |e Default branch 
999 |a SER0001533   |b BOOK   |c Open Shelf   |e Default branch 
999 |a SER0001534   |b BOOK   |c Open Shelf   |e Default branch 
999 |a SER0001535   |b BOOK   |c Open Shelf   |e Default branch 
999 |a SER0001536   |b BOOK   |c Open Shelf   |e Default branch 
999 |a SER0001537   |b BOOK   |c Open Shelf   |e Default branch 
999 |a SER0001538   |b BOOK   |c Open Shelf   |e Default branch 
999 |a SER0006982   |b BOOK   |c Open Shelf   |e Default branch 
999 |a SER0006983   |b BOOK   |c Open Shelf   |e Default branch 
999 |a SER0006984   |b BOOK   |c Open Shelf   |e Default branch 
999 |a SER0006985   |b BOOK   |c Open Shelf   |e Default branch 
999 |a SER0006986   |b BOOK   |c Open Shelf   |e Default branch 
999 |a SER0006987   |b BOOK   |c Open Shelf   |e Default branch 
999 |a SER0006988   |b BOOK   |c Open Shelf   |e Default branch 
999 |a SER0006989   |b BOOK   |c Open Shelf   |e Default branch 
999 |a SER0006990   |b BOOK   |c Open Shelf   |e Default branch 
999 |a SER0006991   |b BOOK   |c Open Shelf   |e Default branch 
999 |a SER0006992   |b BOOK   |c Open Shelf   |e Default branch 
999 |a SER0006993   |b BOOK   |c Open Shelf   |e Default branch 
999 |a SER0006994   |b BOOK   |c Open Shelf   |e Default branch 
999 |a SER0006995   |b BOOK   |c Open Shelf   |e Default branch 
999 |a SER0006996   |b BOOK   |c Open Shelf   |e Default branch 
999 |a SER0006997   |b BOOK   |c Open Shelf   |e Default branch 
999 |a SER0006998   |b BOOK   |c Open Shelf   |e Default branch 
999 |a SER0006999   |b BOOK   |c Open Shelf   |e Default branch 
999 |a SER0007000   |b BOOK   |c Open Shelf   |e Default branch 
999 |a SER0007001   |b BOOK   |c Open Shelf   |e Default branch 
999 |a SER0007002   |b BOOK   |c Open Shelf   |e Default branch 
999 |a SER0007003   |b BOOK   |c Open Shelf   |e Default branch 
999 |a SER0007004   |b BOOK   |c Open Shelf   |e Default branch 
999 |a SER0007005   |b BOOK   |c Open Shelf   |e Default branch 
999 |a SER0007006   |b BOOK   |c Open Shelf   |e Default branch 
999 |a SER0007007   |b BOOK   |c Open Shelf   |e Default branch 
999 |a SER0007008   |b BOOK   |c Open Shelf   |e Default branch 
999 |a SER0007009   |b BOOK   |c Open Shelf   |e Default branch 
999 |a SER0007010   |b BOOK   |c Open Shelf   |e Default branch 
999 |a SER0007011   |b BOOK   |c Open Shelf   |e Default branch 
999 |a SER0007012   |b BOOK   |c Open Shelf   |e Default branch 
999 |a SER0007013   |b BOOK   |c Open Shelf   |e Default branch 
999 |a SER0007014   |b BOOK   |c Open Shelf   |e Default branch 
999 |a SER0007015   |b BOOK   |c Open Shelf   |e Default branch 
999 |a SER0007016   |b BOOK   |c Open Shelf   |e Default branch 
999 |a SER0007017   |b BOOK   |c Open Shelf   |e Default branch 
999 |a SER0007018   |b BOOK   |c Open Shelf   |e Default branch 
999 |a SER0007019   |b BOOK   |c Open Shelf   |e Default branch 
999 |a SER0007020   |b BOOK   |c Open Shelf   |e Default branch 
999 |a SER0007021   |b BOOK   |c Open Shelf   |e Default branch 
999 |a SER0007022   |b BOOK   |c Open Shelf   |e Default branch 
999 |a SER0007023   |b BOOK   |c Open Shelf   |e Default branch 
999 |a SER0007024   |b BOOK   |c Open Shelf   |e Default branch 
999 |a SER0007025   |b BOOK   |c Open Shelf   |e Default branch 
999 |a SER0007026   |b BOOK   |c Open Shelf   |e Default branch 
999 |a SER0007027   |b BOOK   |c Open Shelf   |e Default branch 
999 |a SER0007028   |b BOOK   |c Open Shelf   |e Default branch 
999 |a SER0007029   |b BOOK   |c Open Shelf   |e Default branch 
999 |a SER0007030   |b BOOK   |c Open Shelf   |e Default branch 
999 |a SER0007031   |b BOOK   |c Open Shelf   |e Default branch 
999 |a SER0007032   |b BOOK   |c Open Shelf   |e Default branch 
999 |a SER0007033   |b BOOK   |c Open Shelf   |e Default branch 
999 |a SER0007034   |b BOOK   |c Open Shelf   |e Default branch 
999 |a SER0007044   |b BOOK   |c Open Shelf   |e Default branch 
999 |a SER0007229   |b BOOK   |c Open Shelf   |e Default branch 
999 |a SER0007230   |b BOOK   |c Open Shelf   |e Default branch 
999 |a SER0007231   |b BOOK   |c Open Shelf   |e Default branch 
999 |a SER0007232   |b BOOK   |c Open Shelf   |e Default branch 
999 |a SER0007805   |b BOOK   |c Open Shelf   |e Default branch 
999 |a SER0007806   |b BOOK   |c Open Shelf   |e Default branch